Creatividad y métodos de innovación / (Record no. 110202)

MARC details
000 -LEADER
campo de control de longitud fija 00677nam a2200205 4500
001 - NÚMERO DE CONTROL
campo de control 110202
003 - IDENTIFICADOR DE NÚMERO DE CONTROL
campo de control ES-MaACL
005 - FECHA Y HORA DE LA ÚLTIMA TRANSACCIÓN
campo de control 20260124063016.0
007 - CAMPO FIJO DE DESCRIPCIÓN FÍSICA--INFORMACIÓN GENERAL
campo de control de longitud fija t|
008 - DATOS DE LONGITUD FIJA--INFORMACIÓN GENERAL
campo de control de longitud fija 061121s1977 sp r ||||1| spa d
100 1# - ENTRADA PRINCIPAL--NOMBRE DE PERSONA
Nombre de persona Moles, Abraham A.,
Fechas asociadas al nombre 1920-1992
9 (RLIN) 81863
245 10 - MENCIÓN DEL TÍTULO
Título Creatividad y métodos de innovación /
Mención de responsabilidad, etc. Abraham Moles, Roland Caude.
260 ## - PUBLICACIÓN, DISTRIBUCIÓN, ETC.
Lugar de publicación, distribución, etc. Madrid :
Nombre del editor, distribuidor, etc. Ibérico Europea de Ed.,
Fecha de publicación, distribución, etc. 1977.
300 ## - DESCRIPCIÓN FÍSICA
Extensión 248 p. :
Otras características físicas il. ;
Dimensiones 20 cm.
490 1# - MENCIÓN DE SERIE
Mención de serie Biblioteca de la comunicación del Ciac
700 1# - ENTRADA AGREGADA--NOMBRE PERSONAL
Nombre de persona Caude, Roland.
9 (RLIN) 37099
830 0# - PUNTO DE ACCESO ADICIONAL DE SERIE-TÍTULO UNIFORME
Título uniforme Biblioteca de la comunicación del Ciac
9 (RLIN) 185615
852 ## - LOCALIZACIÓN
Ubicación ES-MaACL
Número de control de estantería A-8089
Sublocalización o colección R.97266
Holdings
Estatus retirado Estado de pérdida Estado de daño No para préstamo Biblioteca de origen Biblioteca actual Ubicación en estantería Fecha de adquisición Fuente de adquisición Total de préstamos Signatura topográfica completa Código de barras Visto por última vez Precio de reemplazo Tipo de ítem Koha
        Biblioteca del Ateneo de Madrid Biblioteca del Ateneo de Madrid Sala Pecera Planta 1 17/01/2008     A-8089 1114973 23/02/2023 23/02/2023 Libro impreso